Carregant...

Handbook on the Kerala education act, 1958 and the Kerala educatuion rules, 1959

Dades bibliogràfiques
Autor principal: Hamsa, K E
Format: Printed Book
Publicat: Alappuzha Three Star
LEADER 00419nam a22001097a 4500
100 |a Hamsa, K E 
245 |a Handbook on the Kerala education act, 1958 and the Kerala educatuion rules, 1959 
260 |a Alappuzha  |b Three Star 
300 |a 1400p 
942 |c REF 
999 |c 290472  |d 290472 
952 |0 0  |1 0  |4 0  |6 344_070000000000000_HAM_H  |7 0  |8 RUSA  |9 330668  |a HIS  |b HIS  |c REF  |d 2016-08-30  |i 24993  |l 0  |o 344.07 HAM/H  |p HIS24993  |r 2016-08-30  |w 2016-08-30  |y REF